| 000 | 00661nam a22002057a 4500 | ||
|---|---|---|---|
| 003 | BD-DhUL | ||
| 005 | 20201208122448.0 | ||
| 008 | 201129s2020 bg ||||| |||| 00| 0 ben | ||
| 020 | _a9789844410282 (hbk) | ||
| 040 |
_aBD-DhUL _cBD-DhUL |
||
| 082 |
_a891.441 _bDIS |
||
| 100 | 1 | _aদিলওয়ার | |
| 245 | 0 | 0 |
_aসুর : _bশেখ মুজিবুর / _cদিলওয়ার |
| 260 |
_aসিলেট : _bবাসিয়া, _c২০২০। |
||
| 300 |
_a১১২ পৃ. ; _c২২ সেমি |
||
| 365 |
_aBDT _b225.00 |
||
| 650 | 0 | _aবাংলা কবিতা। | |
| 650 | 0 | _aBengali poetry. | |
| 942 |
_2ddc _cBK |
||
| 999 |
_c252391 _d252391 |
||